Zákon SNR z 30. septembra 1992 č.511/1992 Zb. o správe daní a poplatkov a o zmenách v sústave finančných orgánov v znení neskorších predpisov

Úplné znenie zákona č.511/1992 so všetkými novelizáciami vydanými do začiatku apríla 1995.

Salvato in:
Dettagli Bibliografici
Natura: Capitolo di libro
Lingua:slovacco
Soggetti:
Tags: Aggiungi Tag
Nessun Tag, puoi essere il primo ad aggiungerne!!

MARC

LEADER 00000naa a2200000 4500
001 r016737
005 20221213100225.2
041 0 |a slo 
044 |a SK 
245 1 0 |a Zákon SNR z 30. septembra 1992 č.511/1992 Zb. o správe daní a poplatkov a o zmenách v sústave finančných orgánov v znení neskorších predpisov 
520 |a Úplné znenie zákona č.511/1992 so všetkými novelizáciami vydanými do začiatku apríla 1995. 
610 2 0 |a dane 
610 2 0 |a poplatky 
610 2 0 |a odvody 
610 2 0 |a pokuty 
610 2 0 |a penále 
610 2 0 |a Slovensko 
610 2 0 |a orgány finančné 
610 2 0 |a zákony 
610 2 0 |a 1992 
610 2 0 |a 1992-1995 
610 2 0 |a úrady daňové